000 00527nam a22001577a 4500
005 20251108171247.0
008 250721s1985 xx 000 0 ara d
082 1 4 _a371.2/أحم
100 1 _aأحمد، أحمد إبراهيم
245 1 0 _aنحو تطوير الإدارة المدرسية :
_bدراسات نظرية و ميدانية /
264 1 _aالقاهرة :
_bدار المطبوعات الجديدة،
_c1985.
300 _a413ص
650 1 7 _aإدارة المدارس
942 _2ddc
_cBK
999 _c60692
_d60692